| 000 | 01072nam a2200277 i 4500 | ||
|---|---|---|---|
| 003 | DO-SdBNP | ||
| 005 | 20260205090024.0 | ||
| 007 | ta | ||
| 008 | 260204b1996 dr ||||| |||| 00| 0 spa d | ||
| 020 | _a97899450151256 | ||
| 040 |
_aDO-SdBNP _bspa _cBNPHU _erda |
||
| 041 | _aspa | ||
| 082 | 4 |
_a368.382 _bF495e _222 |
|
| 110 |
_aFondo de Población de las Naciones Unidas _985065 |
||
| 245 | 0 |
_aEl acceso de inmigrantes y descendientes a la salud y la protección social en la República Dominicana : _b(segunda Encuesta Nacional de Inmigrantes, ENI-2017) |
|
| 264 | 1 |
_aSanto Domingo, R.D. : _bFondo de Población de las Naciones Unidas, _c2018 |
|
| 300 |
_a115 páginas ; _c28 cm. |
||
| 336 |
_atexto _btxt _2rdacontent |
||
| 337 |
_asin mediación _bn _2rdamedia |
||
| 338 |
_avolumen _bnc _2rdacarrier |
||
| 590 | _aInventariado, 2026/DG | ||
| 650 | 4 |
_aEmigración e inmigración _xEstadísticas _zRepública Dominicana _988952 |
|
| 650 | 4 |
_aSistema general de seguridad social en salud _xEstadísticas _zRepública Dominicana _988953 |
|
| 910 | _aDG | ||
| 942 |
_2ddc _cLBS1 |
||
| 999 |
_c60231 _d60231 |
||